Lexikon der grafischen Technik Bearbeitet Institut für grafische Technik Leipzig
| Format: | Book |
|---|---|
| Language: | Undetermined |
| PhysicalDescription: | 656 s. |
| Published: |
Leipzig
VEB Fachbuchverlag
1977
|
MARC
| LEADER | 00000nam a2200000 a 4500 | ||
|---|---|---|---|
| 001 | vtls001299797 | ||
| 003 | SK-MaSNL | ||
| 005 | 20260224063530.0 | ||
| 008 | 210928s1977 xx 0 und | ||
| 035 | |a SNK000251778 | ||
| 040 | |a SNK |b slo |c SNK |e AACR2 | ||
| 245 | 1 | |a Lexikon der grafischen Technik |b Bearbeitet Institut für grafische Technik Leipzig | |
| 260 | |a Leipzig |b VEB Fachbuchverlag |c 1977 | ||
| 300 | |a 656 s. | ||
| 958 | |a OND | ||
| 999 | |c 887813 |d 889743 | ||
| 952 | |a SNK |b SNK |y VYP |7 0 |p 17A0081508 |o snkID 68055 |i snkV 2552/1977 |0 0 |1 0 |4 0 |d 1997-08-20 |l 0 |r 2005-01-02 00:00:00 |w 2026-02-24 | ||


